Normal view
MARC view
Entry Personal Name
001 - CONTROL NUMBER
- control field: 192012
003 - CONTROL NUMBER IDENTIFIER
- control field:
005 - DATE AND TIME OF LATEST TRANSACTION
- control field: 20210601194918.0
008 - FIXED-LENGTH DATA ELEMENTS
- fixed length control field: 210601|| aca||aabn | a|a d
040 ## - CATALOGING SOURCE
- Original cataloging agency:
- Transcribing agency:
100 ## - HEADING--PERSONAL NAME
- Personal name: Inge, William Ralph,
- Dates associated with a name: 1860-1954
670 ## - SOURCE DATA FOUND
- Source citation: Work cat.: (): Inge, William Ralph, 1860-1954, The philosophy of Plotinus :, 1948 -
